| 000 | 02385cam a22004214i 4500 | ||
|---|---|---|---|
| 003 | PE-LiUPU | ||
| 005 | 20250731183450.0 | ||
| 008 | 20080101s2008 us a rb 000 0 eng d | ||
| 020 | _a9781616776930 | ||
| 020 | _a9781616776947 | ||
| 035 | _aPE-LiUPU2025018 | ||
| 040 |
_aPE-LiUPU _bspa _cPE-LiUPU _erda |
||
| 082 | 0 | 4 |
_a786.2193 _bF115p _223 |
| 100 | 1 |
_aFaber, Nancy, _eautora. _95703 |
|
| 245 | 1 | 0 |
_aPiano Adventures : _bEl método básico para piano _nN6 / _cNancy Faber, Randall Faber. |
| 250 | _aPrimera edición. | ||
| 264 | 1 |
_aAnn Arbor, MI : _bFaber Piano Adventures, _c©2018. |
|
| 300 |
_a2 volúmenes : _bilustraciones ; _c30 cm |
||
| 336 |
_atext _2rdacontent |
||
| 337 |
_aunmediated _2rdamedia |
||
| 338 |
_avolume _2rdacarrier |
||
| 490 | 0 | _aEl método básico para piano | |
| 504 | _aIncluye pistas de audio disponibles en línea y CD según edición. | ||
| 505 | 0 |
_tLECCIONES Y TEORÍA. LIBRO UNO DE DOS : _aRitmos de semicorcheas -- Tónica, subdominante y dominante -- Tres tipos de escalas menores -- Tonalidades de SOL mayor y MI menor -- Tonalidades de FA mayor y RE menor -- Tonalidades con sostenidos -- Tonalidades de LA mayor y MI mayor -- Tonalidades con bemoles -- Tonalidades de MI♭ mayor y DO menor -- Tonalidad con LA♭ mayor -- Reconocimiento de intervalos -- Arpegios de dos octavas. |
|
| 505 | 0 |
_tTÉCNICA E INTERPRETACIÓN. LIBRO DOS DE DOS : _aCinco secretos técnicos -- Ritmos de semicorcheas -- Tónica, subdominante y dominante -- Tres tipos de escalas menores -- Tonalidades de SOL mayor y MI menor -- Tonalidades de FA mayor y RE menor -- Tonalidades con sostenidos -- Tonalidades de LA mayor y MI mayor -- Tonalidades con bemoles -- Tonalidades de MI♭ mayor y DO menor -- Tonalidad con LA♭ mayor -- Reconocimiento de intervalos -- Arpegios de dos octavas. |
|
| 526 | _aP158 | ||
| 526 | _aP146 | ||
| 526 | _aP17 | ||
| 526 | _aP12 | ||
| 526 | _aP06 | ||
| 650 | 1 | 4 |
_aPiano _xMétodos (Nivel elemental). _95707 |
| 650 | 2 | 4 |
_aPiano _xEstudio y Enseñanza (Primaria) _95708 |
| 700 |
_aFaber, Randall, _eautor. _95706 |
||
| 856 | 4 | 0 |
_uhttps://www.halleonard.com/product/420261/my-first-piano-adventure _zSitio web del editor. |
| 942 |
_2ddc _cBK |
||
| 980 |
_618226 _aJaime Vilcazán Jefe de Análisis Documental _81 _gALBERTO SANCHEZ Responsable de Automatización |
||
| 999 |
_c63002 _d63001 |
||